[Event "Eliminacje Makroregionalne do MPJ 2018 LU-PL - C11"]
[Site "Biardy"]
[Date "1899-12-30"]
[Round "5.4"]
[White "Ptaszynski, Szymon"]
[Black "Wasilewski, Stanislaw"]
[Result "1-0"]
[WhiteTitle "II"]
[BlackTitle "II"]
[WhiteElo "1284"]
[BlackElo "1022"]

1. c4 c5 2. g3 g6 3. Bg2 Bg7 4. Nc3 Nc6 5. e3 e6 6. Nge2 Nge7 7. O-O O-O 8. d4
cxd4 9. Nxd4 Nxd4 10. exd4 d5 11. cxd5 Nxd5 12. Nxd5 exd5 13. Be3 Re8 14. Rc1
Be6 15. Qd2 Qd7 16. Rfe1 Rac8 17. Rc3 Bf8 18. Rxc8 Rxc8 19. Rc1 Rxc1+ 20. Qxc1
Bg7 21. Qd2 Qc6 22. Qc3 Kf8 23. Qa3+ Kg8 24. Qxa7 Qc2 25. Qb8+ Qc8 26. Qxc8+ Bxc8
27. Bxd5 Be6 28. Bxe6 fxe6 29. Kf1 Kf8 30. Ke2 Ke7 31. Kd3 Kd6 32. Kc4 Kc6 33.
a4 b6 34. b4 Bf8 35. h4 h5 36. Bf4 Be7 37. Bg5 Bd6 38. Bf6 Bc7 39. Be5 Bd8 40.
Bf4 Be7 41. Bg5 Bd6 42. Bf6 Bc7 43. b5+ Kb7 44. d5 exd5+ 45. Kxd5 Kc8 46. Kc6
Kb8 47. Bd4 1-0

[Event "Eliminacje Makroregionalne do MPJ 2018 LU-PL - C11"]
[Site "Biardy"]
[Date "1899-12-30"]
[Round "5.6"]
[White "Borowik, Karol"]
[Black "Maliszewski, Stefan"]
[Result "1-0"]
[WhiteTitle "II"]
[BlackTitle "II"]
[WhiteElo "1302"]
[BlackElo "1047"]

1. d4 Nf6 2. c4 g6 3. Nc3 Bg7 4. e4 d6 5. Be2 O-O 6. Nf3 Nbd7 7. O-O b6 8. Be3
Bb7 9. d5 e6 10. Qc2 Re8 11. b4 c5 12. b5 Qe7 13. Bd3 exd5 14. exd5 Ne5 15. Nxe5
Qxe5 16. Rac1 Ng4 17. a3 Nxe3 18. fxe3 Qxe3+ 19. Kh1 Re5 20. Ne4 Rd8 21. Rce1
Qd4 22. Rf4 Rxe4 23. Rfxe4 Qf6 24. Rf1 Qc3 25. Qxc3 Bxc3 26. Re7 Rb8 27. Rfxf7
Bc8 28. Rxh7 Bd4 29. Bxg6 Bf6 30. Re8# 1-0

[Event "Eliminacje Makroregionalne do MPJ 2018 LU-PL - C11"]
[Site "Biardy"]
[Date "1899-12-30"]
[Round "5.7"]
[White "Jurewicz, Igor"]
[Black "Pryzmont, Hubert"]
[Result "1-0"]
[WhiteTitle "II"]
[BlackTitle "III"]
[WhiteElo "1181"]
[BlackElo "1022"]

1. d4 Nf6 2. c4 d5 3. Nf3 Nc6 4. Bf4 Bg4 5. e3 e6 6. Be2 Bd6 7. Bg3 Bxg3 8. hxg3
Qd7 9. Nc3 O-O-O 10. Rb1 dxc4 11. Bxc4 Bf5 12. Ra1 Ne4 13. Nxe4 Bxe4 14. Qa4 Kb8
15. b4 Bd5 16. Bd3 f5 17. b5 Ne7 18. Ne5 Qe8 19. Rh2 Ng6 20. Nc4 Bxc4 21. Qxc4
e5 22. Bxf5 exd4 23. Rc1 Qe5 24. Bxg6 hxg6 25. Rxh8 Rxh8 26. Ke2 dxe3 27. fxe3
Qxg3 28. Kd3 Qd6+ 29. Ke2 b6 30. Qe4 Rd8 31. Qc2 Qd7 32. Qc6 Qd2+ 33. Kf3 Rf8+
34. Kg4 Qe2+ 35. Kh4 Rh8+ 36. Kg3 Qxe3+ 37. Kg4 Qd4+ 38. Kg3 Qh4+ 39. Kf3 Rf8+
40. Ke3 Qf2+ 41. Kd3 Rd8+ 42. Kc3 Qd2+ 43. Kb3 Qd5+ 44. Qxd5 Rxd5 45. a4 Kb7 46.
Rc6 Rg5 47. Rc2 Rc5 48. Rxc5 bxc5 49. g3 a6 50. bxa6+ Kxa6 51. Kc4 Ka5 52. Kxc5
Kxa4 53. Kc6 Kb4 54. Kxc7 Kc5 55. Kd7 Kd5 56. Ke7 Ke5 57. Kf7 g5 58. Kg6 g4 59.
Kg5 Ke6 60. Kxg4 Kf6 61. Kf4 g6 62. Kg4 g5 63. Kh5 g4 64. Kxg4 Kg6 65. Kf4 Kh6
66. Kf5 Kg7 67. Kg5 Kf7 1-0

[Event "Eliminacje Makroregionalne do MPJ 2018 LU-PL - C11"]
[Site "Biardy"]
[Date "1899-12-30"]
[Round "6.1"]
[White "Krol, Jan"]
[Black "Jarocki, Gabriel"]
[Result "1/2-1/2"]
[WhiteTitle "II"]
[BlackTitle "II"]
[WhiteElo "1300"]
[BlackElo "1383"]

1. e4 e5 2. Nf3 Nc6 3. Bc4 h6 4. c3 Nf6 5. d3 b6 6. Nbd2 Bb7 7. Nf1 g6 8. Ng3 Bg7
9. h3 O-O 10. O-O d5 11. exd5 Nxd5 12. d4 exd4 13. cxd4 Na5 14. Be2 Qd7 15. Ne5
Qe6 16. Bf3 Rad8 17. Re1 Qc8 18. a3 Nc6 19. Nxc6 Bxc6 20. Qc2 Bb7 21. Bd2 Kh7
22. Ne2 Rfe8 23. Rac1 Re7 24. b4 Red7 25. b5 Ne7 26. Bxb7 Qxb7 27. Rcd1 Nf5 28.
Bc3 Kg8 29. a4 Nh4 30. f3 Nf5 31. Qb2 Ne3 32. Rc1 Nc4 33. Qb3 Ne3 34. Kf2 Nd5
35. Bb2 Re8 36. Qc4 Ne3 37. Qc6 Qxc6 38. Rxc6 Nd5 39. Rd1 Re3 40. Nc3 Nxc3 41.
Bxc3 Re6 42. Rxe6 fxe6 43. Ke3 Kf7 44. f4 Rd5 45. g4 Ke8 46. Kd3 Kd7 47. Re1 Kd6
48. h4 Kd7 49. Bb2 Kd6 50. Rc1 Kd7 51. Ke4 h5 52. Rg1 Bf6 53. g5 Bg7 54. Rc1 Bf8
55. Bc3 Kc8 56. Bd2 Bg7 57. Be3 Bf8 58. Rc6 Kd7 1/2-1/2

[Event "Eliminacje Makroregionalne do MPJ 2018 LU-PL - C11"]
[Site "Biardy"]
[Date "1899-12-30"]
[Round "6.2"]
[White "Paszkowski, Krystian"]
[Black "Ptaszynski, Szymon"]
[Result "1-0"]
[WhiteTitle "I"]
[BlackTitle "II"]
[WhiteElo "1685"]
[BlackElo "1284"]

1. d4 Nf6 2. Nf3 e6 3. e3 b6 4. Bd3 Bb7 5. O-O d5 6. b3 Nbd7 7. Bb2 Bd6 8. Nbd2
O-O 9. c4 c6 10. Qc2 h6 11. Rac1 Rc8 12. e4 Bb8 13. e5 Nh5 14. g3 Re8 15. cxd5
cxd5 16. Qd1 g6 17. Rxc8 Bxc8 18. Nh4 Nf8 19. f4 Ng7 20. Ndf3 Bd7 21. Ng2 Qc8
22. Ne3 Bc7 23. Ng4 Kh7 24. Nf6+ Kh8 25. Nxe8 Qxe8 26. Qe2 Bd8 27. Rc1 Nh5 28.
Ba3 Kg8 29. Bd6 Bc6 30. a4 a5 31. Qc2 Bd7 32. Bc7 Bxc7 33. Qxc7 1-0

[Event "Eliminacje Makroregionalne do MPJ 2018 LU-PL - C11"]
[Site "Biardy"]
[Date "1899-12-30"]
[Round "6.3"]
[White "Borowik, Karol"]
[Black "Pieczulis, Hubert"]
[Result "1/2-1/2"]
[WhiteTitle "II"]
[BlackTitle "II"]
[WhiteElo "1302"]
[BlackElo "1246"]

1. d4 Nf6 2. c4 g6 3. Nc3 Bg7 4. e4 d6 5. Be2 O-O 6. Be3 Nbd7 7. Nf3 e5 8. d5 Ne8
9. Nd2 f5 10. f3 f4 11. Bf2 Bf6 12. O-O Bh4 13. Qe1 Bxf2+ 14. Qxf2 Ng7 15. Rfc1
g5 16. Nf1 Nf6 17. b4 b6 18. c5 Bd7 19. cxd6 cxd6 20. Nb5 Nge8 21. Nd2 a6 22.
Na3 b5 23. Nb3 Nc7 24. Na5 Nfe8 25. Nc6 Bxc6 26. Rxc6 Qd7 27. Rac1 Rf6 28. Qb6
Rh6 29. Nb1 Qf7 30. Nd2 Rd8 31. Rxc7 Nxc7 32. Rxc7 Qh5 1/2-1/2

[Event "Eliminacje Makroregionalne do MPJ 2018 LU-PL - C11"]
[Site "Biardy"]
[Date "1899-12-30"]
[Round "6.4"]
[White "Chelstowski, Bartosz"]
[Black "Jurewicz, Igor"]
[Result "0-1"]
[WhiteTitle "II"]
[BlackTitle "II"]
[WhiteElo "1082"]
[BlackElo "1181"]

1. e4 c5 2. Nf3 e6 3. d4 cxd4 4. Nxd4 a6 5. Nc3 Qc7 6. g3 Nf6 7. Bg2 Be7 8. O-O
O-O 9. Re1 d6 10. h4 h6 11. g4 Nh7 12. Nf3 Nc6 13. g5 h5 14. Nh2 g6 15. b3 b6
16. Bb2 Bb7 17. Ne2 Rfd8 18. f4 Rac8 19. Nd4 Nxd4 20. Qxd4 f6 21. Rac1 e5 22.
Qf2 exf4 23. gxf6 Nxf6 24. Qxf4 Kg7 25. Rf1 Rf8 26. Bh3 Rce8 27. Nf3 Bc8 28. Bxc8
Qxc8 29. Nd2 Kh7 30. Nf3 Ng4 31. Qd2 Qc6 32. Qd5 Qxd5 33. exd5 Ne3 34. Ng5+ Bxg5
35. Rxf8 Rxf8 36. hxg5 Nxd5 37. Rd1 Rf5 38. Bc1 Nc3 39. Rxd6 Ne2+ 40. Kg2 Nxc1
41. Rxb6 Rxg5+ 42. Kh3 Nxa2 43. Rxa6 Nb4 44. Ra7+ Kh6 45. c4 Rc5 46. Rb7 Nc2 47.
Rd7 Na1 48. Rd3 Kg5 49. Rc3 Nxb3 50. Rxb3 Rxc4 51. Rb5+ Kf4 52. Rb6 g5 53. Rh6
g4+ 54. Kg2 Rc2+ 55. Kf1 Kf3 56. Ke1 Rc1+ 57. Kd2 Rh1 58. Rf6+ Kg3 59. Ke2 h4
60. Rg6 h3 61. Rf6 h2 62. Rh6 Ra1 63. Kd3 h1=Q 64. Rxh1 Rxh1 65. Ke2 Kh2 66. Kf2
g3+ 67. Kf3 g2 68. Ke4 g1=Q 69. Kf5 Qe3 70. Kg4 Rf1 71. Kh5 Rg1 72. Kh4 Qg5# 0-1

[Event "Eliminacje Makroregionalne do MPJ 2018 LU-PL - C11"]
[Site "Biardy"]
[Date "1899-12-30"]
[Round "6.6"]
[White "Pryzmont, Hubert"]
[Black "Bartnik, Michal"]
[Result "0-1"]
[WhiteTitle "III"]
[BlackTitle "III"]
[WhiteElo "1022"]
[BlackElo "1044"]

1. e4 c5 2. Nf3 Nc6 3. d4 cxd4 4. Nxd4 Nf6 5. Nc3 e5 6. Nf3 Bb4 7. Bd2 d6 8. Be2
Bxc3 9. Bxc3 Nxe4 10. O-O Nxc3 11. bxc3 O-O 12. Re1 h6 13. Bd3 Bg4 14. h3 Be6
15. Qb1 Rb8 16. Qc1 f5 17. Be2 Qf6 18. Qd1 Rfd8 19. Qd2 Ne7 20. Rad1 Nc6 21. Nh2
Bxa2 22. f4 Bf7 23. fxe5 dxe5 24. Qc1 Rxd1 25. Rxd1 Rd8 26. Rf1 Qe6 27. g4 fxg4
28. Nxg4 Qg6 29. Kh2 Qg5 30. Qe1 h5 31. Nf2 Qf4+ 32. Kg1 Qg3+ 33. Kh1 Bd5+ 0-1

[Event "Eliminacje Makroregionalne do MPJ 2018 LU-PL - C11"]
[Site "Biardy"]
[Date "1899-12-30"]
[Round "7.1"]
[White "Paszkowski, Krystian"]
[Black "Wasilewski, Stanislaw"]
[Result "1-0"]
[WhiteTitle "I"]
[BlackTitle "II"]
[WhiteElo "1685"]
[BlackElo "1022"]

1. c4 c5 2. g3 g6 3. Bg2 Bg7 4. Nc3 Nc6 5. e4 e5 6. Nge2 Nge7 7. O-O O-O 8. d3
d6 9. Rb1 Rb8 10. a3 a6 11. b4 cxb4 12. axb4 b5 13. cxb5 axb5 14. Bd2 Be6 15.
Nd5 Bxd5 16. exd5 Na7 17. Qb3 Qd7 18. Be3 Rfc8 19. d4 exd4 20. Nxd4 Rc4 21. Ne2
Nf5 22. Bh3 Qe7 23. Bxf5 gxf5 24. Qd3 Re4 25. Nc3 Bxc3 26. Qxc3 Rc8 27. Qa1 Rc7
28. Rbc1 Rxc1 29. Qxc1 Rxb4 30. Bxa7 Qxa7 31. Qg5+ Kh8 32. Qxf5 Rd4 33. Re1 h6
34. Qf6+ Kh7 35. Re8 Rd1+ 36. Kg2 Qa1 37. Rh8# 1-0

[Event "Eliminacje Makroregionalne do MPJ 2018 LU-PL - C11"]
[Site "Biardy"]
[Date "1899-12-30"]
[Round "7.2"]
[White "Bartnik, Michal"]
[Black "Krol, Jan"]
[Result "0-1"]
[WhiteTitle "III"]
[BlackTitle "II"]
[WhiteElo "1044"]
[BlackElo "1300"]

1. e4 c5 2. Nf3 e6 3. c4 a6 4. Nc3 Qc7 5. Be2 Nf6 6. O-O d6 7. d4 cxd4 8. Nxd4
b6 9. Be3 Bb7 10. f3 Nbd7 11. Rc1 Be7 12. b3 Rc8 13. Qd2 O-O 14. Rfd1 Rfe8 15.
Bf1 Qb8 16. Nde2 Nc5 17. Nf4 Red8 18. Qe1 Bc6 19. Kh1 b5 20. cxb5 axb5 21. Nd3
Nxd3 22. Bxd3 d5 23. exd5 Nxd5 24. Nxd5 Bxd5 25. Qe2 b4 26. Kg1 Bf6 27. Kh1 Be5
28. Bg1 Bf4 29. Rb1 Qc7 30. Qf1 Ra8 31. Qe2 Qa5 32. Rb2 Bb7 33. Rc2 g6 34. Be3
Bxe3 35. Qxe3 Ba6 36. Rcd2 Bxd3 37. Rxd3 Rxd3 38. Qxd3 Qxa2 39. Kg1 Qa7+ 40. Kf1
Kg7 41. Ke2 Qb6 42. Kf1 Qa6 43. Qxa6 Rxa6 44. Rd4 Rb6 45. Ke2 Kf6 46. Ke3 Rb7
47. h3 h5 48. g4 hxg4 49. Rxg4 g5 50. h4 gxh4 51. Rxh4 Ke5 52. Re4+ Kd6 53. Rd4+
Kc5 54. Rc4+ Kb5 55. Rh4 Rc7 56. Kd3 Rc3+ 57. Kd2 Rxf3 58. Rh5+ f5 59. Kc2 e5
60. Rh1 e4 61. Re1 Rf2+ 62. Kb1 Rf3 63. Kc2 Rc3+ 64. Kb2 Kc5 65. Rf1 Rf3 66. Rc1+
Kb5 67. Re1 e3 68. Kb1 f4 69. Kb2 Rf2+ 70. Kb1 e2 71. Kb2 f3 72. Rc1 e1=Q+ 73.
Kb1 Qd2 74. Rc5+ Kxc5 75. Ka1 Rf1# 0-1

[Event "Eliminacje Makroregionalne do MPJ 2018 LU-PL - C11"]
[Site "Biardy"]
[Date "1899-12-30"]
[Round "7.3"]
[White "Jarocki, Gabriel"]
[Black "Pieczulis, Hubert"]
[Result "0-1"]
[WhiteTitle "II"]
[BlackTitle "II"]
[WhiteElo "1383"]
[BlackElo "1246"]

1. e4 e6 2. d4 d5 3. exd5 exd5 4. g3 Nf6 5. Bg2 Bd6 6. Bg5 c6 7. Nf3 O-O 8. O-O
h6 9. Bxf6 Qxf6 10. Nbd2 Bg4 11. c3 Re8 12. Qb3 Re7 13. Rae1 Bf5 14. Rxe7 Qxe7
15. Re1 Qd7 16. Ne5 Bxe5 17. Rxe5 Be6 18. f4 f6 19. Re1 Bf7 20. Qb4 Na6 21. Qe7
Qe8 22. Kf2 Qxe7 23. Rxe7 Rb8 24. Nb3 Kf8 25. Re1 b6 26. Bh3 Rd8 27. Be6 Nc7 28.
Bxf7 Kxf7 29. f5 Re8 30. Rc1 Re7 31. Nd2 Ne8 32. c4 Nd6 33. g4 dxc4 34. Nxc4 Nb5
35. a4 Nxd4 36. Nd6+ Kg8 37. Re1 Rxe1 38. Kxe1 Nf3+ 39. Kf2 Nxh2 40. Kg3 Nf1+
41. Kh3 a6 42. Nc4 b5 43. Kg2 bxc4 44. Kxf1 g6 45. Ke2 gxf5 46. gxf5 h5 47. Kf3
Kh7 48. Kg3 Kh6 49. Kf4 a5 50. Ke4 Kg5 51. Kd4 h4 52. Kxc4 h3 53. b4 h2 54. bxa5
h1=Q 55. Kd4 0-1

[Event "Eliminacje Makroregionalne do MPJ 2018 LU-PL - C11"]
[Site "Biardy"]
[Date "1899-12-30"]
[Round "7.4"]
[White "Jurewicz, Igor"]
[Black "Borowik, Karol"]
[Result "1-0"]
[WhiteTitle "II"]
[BlackTitle "II"]
[WhiteElo "1181"]
[BlackElo "1302"]

1. d4 Nf6 2. c4 g6 3. Nf3 Bg7 4. Bf4 d6 5. e3 O-O 6. Bd3 c6 7. O-O Nbd7 8. Nc3
Re8 9. Qc2 Nh5 10. Bg5 Qc7 11. e4 a6 12. a4 e5 13. d5 c5 14. g3 Nf8 15. Rfe1 Bd7
16. Bf1 f5 17. Bd2 Re7 18. a5 h6 19. Na4 Bxa4 20. Rxa4 f4 21. g4 Nf6 22. h3 N8h7
23. Nh4 Nf8 24. Bg2 h5 25. g5 Ne8 26. Rb1 b5 27. axb6 Qxb6 28. b4 Rb7 29. b5 Qc7
30. Rxa6 Rxa6 31. bxa6 Ra7 32. Qa4 Qc8 33. Rb6 Nd7 34. Rc6 Qb8 35. Nxg6 Kf7 36.
Nh4 Bf8 37. Bf3 Nc7 38. Bxh5+ Kg8 39. Nf5 Qb1+ 40. Kh2 Nb8 41. Rxc7 Rxc7 42. a7
Qf1 43. Nh6+ Kh7 44. Ng4 Rf7 45. Bxf7 f3 46. Kg3 Qg2+ 47. Kh4 Be7 48. axb8=Q Bxg5+
49. Bxg5 Qxg4+ 50. Kxg4 Kg7 51. Qg8# 1-0

[Event "Eliminacje Makroregionalne do MPJ 2018 LU-PL - C11"]
[Site "Biardy"]
[Date "1899-12-30"]
[Round "7.5"]
[White "Ptaszynski, Szymon"]
[Black "Chelstowski, Bartosz"]
[Result "1-0"]
[WhiteTitle "II"]
[BlackTitle "II"]
[WhiteElo "1284"]
[BlackElo "1082"]

1. c4 e5 2. g3 Nc6 3. Nc3 d6 4. Bg2 Be6 5. d3 Nf6 6. e3 Be7 7. Nge2 d5 8. cxd5
Bxd5 9. Nxd5 Nxd5 10. O-O O-O 11. d4 exd4 12. Nxd4 Bf6 13. Nb3 Nb6 14. Nc5 Rb8
15. Nxb7 Qxd1 16. Rxd1 Rxb7 17. Bxc6 Rbb8 18. Rb1 Rfd8 19. Bf3 Na4 20. Rxd8+ Bxd8
21. b3 Bf6 22. Bd2 Nc3 23. Rc1 Nxa2 24. Rc2 Nb4 25. Bxb4 Rxb4 26. Rxc7 g6 27.
Rxa7 Rxb3 28. Bd5 Rb1+ 29. Kg2 Rb2 30. Rxf7 Bh8 31. Ra7+ Kf8 32. Ra8+ Kg7 33.
Ra7+ Kh6 34. h4 Rb4 35. Bg8 Kh5 36. Rxh7+ Kg4 37. Be6# 1-0

[Event "Eliminacje Makroregionalne do MPJ 2018 LU-PL - C11"]
[Site "Biardy"]
[Date "1899-12-30"]
[Round "8.1"]
[White "Jurewicz, Igor"]
[Black "Paszkowski, Krystian"]
[Result "0-1"]
[WhiteTitle "II"]
[BlackTitle "I"]
[WhiteElo "1181"]
[BlackElo "1685"]

1. d4 Nf6 2. c4 e6 3. Nf3 b6 4. Bf4 Bb4+ 5. Nbd2 Bb7 6. a3 Be7 7. e3 O-O 8. Bd3
c5 9. O-O cxd4 10. Nxd4 d6 11. Nb5 a6 12. Nc3 Nbd7 13. b4 Rc8 14. Rc1 Ne5 15.
Bxe5 dxe5 16. Be2 Qc7 17. Qb3 Rfd8 18. Rfd1 h6 19. Qb2 Rd7 20. Rc2 Bc6 21. Rdc1
Ba8 22. h3 Bd6 23. e4 Be7 24. Na4 Nxe4 25. c5 bxc5 26. bxc5 Rxd2 27. Rxd2 Nxd2
28. Qxd2 Qc6 29. Bf3 Qxa4 30. Bxa8 Rxa8 31. c6 Bg5 32. Qd6 Bxc1 33. c7 Qe8 34.
Qxe5 Bxa3 35. Qa5 Bd6 36. Qb6 Bxc7 37. Qxc7 a5 38. Qc3 a4 39. Qa3 Qb8 40. Kf1
Qb1+ 41. Ke2 Qc2+ 42. Ke1 Rd8 43. Qa1 Rd2 44. g3 Re2+ 45. Kf1 Rxf2+ 46. Kg1 Rg2+
47. Kh1 Rh2+ 48. Kg1 Qf2# 0-1

[Event "Eliminacje Makroregionalne do MPJ 2018 LU-PL - C11"]
[Site "Biardy"]
[Date "1899-12-30"]
[Round "8.3"]
[White "Pieczulis, Hubert"]
[Black "Ptaszynski, Szymon"]
[Result "1/2-1/2"]
[WhiteTitle "II"]
[BlackTitle "II"]
[WhiteElo "1246"]
[BlackElo "1284"]

1. d4 Nf6 2. Nf3 e6 3. c4 b6 4. a3 Bb7 5. Nc3 d5 6. cxd5 Nxd5 7. e3 c5 8. Bb5+
Bc6 9. Qa4 Qd7 10. Nxd5 Bxb5 11. Nc7+ Qxc7 12. Qxb5+ Qd7 13. Qxd7+ Nxd7 14. Bd2
Be7 15. Bc3 O-O 16. Ke2 Nf6 17. dxc5 bxc5 18. Rhd1 Nd5 19. Rac1 Rab8 20. Be5 Rb7
21. e4 Nf6 22. Bxf6 Bxf6 23. Rxc5 Rxb2+ 24. Rd2 Rxd2+ 25. Nxd2 h6 26. Nf3 Bd8
27. Rc2 Bb6 28. Ne5 Rd8 29. Nc6 Rd7 30. Ne5 Rd8 31. Nc6 Rd7 32. f3 Rd6 33. h3
1/2-1/2

[Event "Eliminacje Makroregionalne do MPJ 2018 LU-PL - C11"]
[Site "Biardy"]
[Date "1899-12-30"]
[Round "8.4"]
[White "Jarocki, Gabriel"]
[Black "Borowik, Karol"]
[Result "1-0"]
[WhiteTitle "II"]
[BlackTitle "II"]
[WhiteElo "1383"]
[BlackElo "1302"]

1. e4 c5 2. c4 d6 3. Nc3 Nc6 4. f4 g6 5. Nf3 Bg7 6. g3 Bg4 7. Bg2 e6 8. h3 Bxf3
9. Bxf3 Nge7 10. O-O Rb8 11. d3 O-O 12. Be3 Nd4 13. Bxd4 cxd4 14. Ne2 Nc6 15.
Rc1 Qa5 16. a3 a6 17. Bg2 Ne7 18. Ra1 Qc7 19. b4 Qc8 20. Rc1 b6 21. Qb3 e5 22.
g4 Kh8 23. f5 Bh6 24. Rc2 Be3+ 25. Kh1 gxf5 26. exf5 f6 27. Ng3 Nc6 28. Ne4 Qc7
29. Qb1 Na7 30. Qe1 Kg7 31. Qh4 h6 32. Qh5 Qe7 33. Qg6+ Kh8 34. c5 bxc5 35. bxc5
dxc5 36. Rc4 Rb6 37. Rc2 Qf7 38. Qxf7 Rxf7 39. Rxc5 Nb5 40. a4 Na7 41. Rc4 Rc6
42. Rxc6 Nxc6 43. Nd6 Rd7 44. Ne8 Rd6 45. Nxd6 Nb4 46. Be4 1-0

[Event "Eliminacje Makroregionalne do MPJ 2018 LU-PL - C11"]
[Site "Biardy"]
[Date "1899-12-30"]
[Round "8.5"]
[White "Wasilewski, Stanislaw"]
[Black "Maliszewski, Stefan"]
[Result "1/2-1/2"]
[WhiteTitle "II"]
[BlackTitle "II"]
[WhiteElo "1022"]
[BlackElo "1047"]

1. c4 e5 2. Nc3 c6 3. g3 d5 4. cxd5 cxd5 5. Nf3 Nc6 6. d3 Bb4 7. Bd2 Nf6 8. Bg2
O-O 9. O-O Be6 10. Qb3 Bxc3 11. Qxc3 Rc8 12. Rac1 d4 13. Qa3 h6 14. Bb4 Re8 15.
Rc2 Nxb4 16. Rxc8 Qxc8 17. Qxb4 Nd5 18. Qa3 Qb8 19. Rc1 a6 20. Nd2 Rc8 21. Rxc8+
Qxc8 22. Bxd5 Bxd5 23. b3 Qf8 24. Qxf8+ Kxf8 25. e4 Be6 26. Kf1 Ke7 27. Nc4 Bxc4
28. dxc4 Kd6 29. b4 b6 30. Ke2 a5 31. a3 f6 32. Kd3 g5 33. h3 h5 34. f3 Kc6 35.
Kd2 Kd6 36. Kc2 Ke6 37. Kb3 Kd6 38. Kc2 1/2-1/2

[Event "Eliminacje Makroregionalne do MPJ 2018 LU-PL - C11"]
[Site "Biardy"]
[Date "1899-12-30"]
[Round "8.7"]
[White "Chelstowski, Bartosz"]
[Black "Pryzmont, Hubert"]
[Result "1-0"]
[WhiteTitle "II"]
[BlackTitle "III"]
[WhiteElo "1082"]
[BlackElo "1022"]

1. e4 e5 2. Nf3 Nc6 3. Bb5 a6 4. Bxc6 bxc6 5. O-O d6 6. d4 Nf6 7. dxe5 dxe5 8.
Qxd8+ Kxd8 9. Nxe5 Ke7 10. Nxc6+ Ke8 11. Rd1 Bb7 12. Nd4 Nxe4 13. Re1 Kd7 14.
Rd1 Bd6 15. Nf5 g6 16. Nxd6 Nxd6 17. Bf4 Rhe8 18. Bxd6 cxd6 19. Nc3 Rac8 20. Rd2
Re6 21. Na4 Rc6 22. Rad1 Ke7 23. Kf1 a5 24. b3 Re5 25. c4 Ke6 26. Re2 Rc8 27.
Rxe5+ dxe5 28. f3 e4 29. fxe4 Bxe4 30. Re1 Ke5 31. Nc3 f5 32. g3 Kd4 33. Nb5+
Kd3 34. g4 Rc6 35. h3 fxg4 36. hxg4 h5 37. gxh5 gxh5 38. Kf2 Rf6+ 39. Kg3 Rg6+
40. Kh3 Bg2+ 41. Kh4 Bf3 42. Rc1 Rc6 43. Rc3+ Ke4 44. Rxf3 Kxf3 45. Nd4+ Ke4 46.
Nxc6 1-0

[Event "Eliminacje Makroregionalne do MPJ 2018 LU-PL - C11"]
[Site "Biardy"]
[Date "1899-12-30"]
[Round "9.2"]
[White "Krol, Jan"]
[Black "Borowik, Karol"]
[Result "1-0"]
[WhiteTitle "II"]
[BlackTitle "II"]
[WhiteElo "1300"]
[BlackElo "1302"]

1. e4 c5 2. Nf3 Nc6 3. d4 cxd4 4. Nxd4 g6 5. Nc3 Bg7 6. Be3 d6 7. Bc4 Nf6 8. h3
Bd7 9. O-O O-O 10. Qd2 a6 11. a4 Qc7 12. Be2 Ne5 13. f4 Nc6 14. f5 Nxd4 15. Bxd4
Bc6 16. Bf3 Rad8 17. Qe3 Nd7 18. Bxg7 Kxg7 19. Be2 Ne5 20. b4 Be8 21. Nd5 Qd7
22. f6+ exf6 23. Nxf6 Qe6 24. Bg4 Nxg4 25. Nxg4 f5 26. Qd4+ Kg8 27. Nh6# 1-0

[Event "Eliminacje Makroregionalne do MPJ 2018 LU-PL - C11"]
[Site "Biardy"]
[Date "1899-12-30"]
[Round "9.3"]
[White "Jarocki, Gabriel"]
[Black "Jurewicz, Igor"]
[Result "1/2-1/2"]
[WhiteTitle "II"]
[BlackTitle "II"]
[WhiteElo "1383"]
[BlackElo "1181"]

1. e4 c5 2. c4 e6 3. Nc3 a6 4. f4 Nf6 5. Nf3 Be7 6. g3 O-O 7. Bg2 d6 8. O-O Nbd7
9. d3 b6 10. e5 Ne8 11. exd6 Nxd6 12. Ne5 Bb7 13. Nc6 Bxc6 14. Bxc6 Rc8 15. Bg2
Nf6 16. Ne4 Nfxe4 17. Bxe4 Nxe4 18. dxe4 h6 19. Be3 Rc7 20. Qc2 Qc8 21. Rad1 Qb7
22. Kf2 Rfc8 23. Rd2 b5 24. b3 Rc6 25. Rfd1 R6c7 26. f5 exf5 27. Bf4 Bg5 28. Bxg5
hxg5 29. Rd8+ Rxd8 30. Rxd8+ Kh7 31. exf5 Qh1 32. Qe2 Qxh2+ 33. Ke1 Qxe2+ 34.
Kxe2 bxc4 35. bxc4 Rb7 36. Rc8 Rb2+ 37. Kf3 Rxa2 38. Rxc5 a5 39. Rc8 a4 40. c5
a3 41. c6 Rc2 42. Ra8 a2 43. c7 Rxc7 44. Rxa2 Rc4 45. Ra7 g4+ 46. Ke3 Kg8 47.
Ra8+ Kh7 48. Rf8 f6 49. Re8 Rc3+ 50. Kf4 Rc4+ 51. Ke3 1/2-1/2

[Event "Eliminacje Makroregionalne do MPJ 2018 LU-PL - C11"]
[Site "Biardy"]
[Date "1899-12-30"]
[Round "9.4"]
[White "Bartnik, Michal"]
[Black "Pieczulis, Hubert"]
[Result "1-0"]
[WhiteTitle "III"]
[BlackTitle "II"]
[WhiteElo "1044"]
[BlackElo "1246"]

1. d4 d5 2. c4 e6 3. Nc3 c6 4. Nf3 Bd6 5. e3 Nd7 6. Be2 Ngf6 7. O-O Qe7 8. Re1
h6 9. a3 O-O 10. h3 Bc7 11. Qc2 Nb6 12. b3 Nbd7 13. Bb2 dxc4 14. bxc4 e5 15. Red1
Re8 16. Rac1 e4 17. Nd2 Qd6 18. Nf1 Qe7 19. Na2 Bd6 20. c5 Bc7 21. Nc3 Nf8 22.
Ra1 Nd5 23. Nxd5 cxd5 24. Bb5 Rd8 25. Bc3 Qg5 26. Kh1 Ng6 27. Nh2 Qh4 28. Bf1
Ne7 29. g3 Qh5 30. Qe2 Qxe2 31. Bxe2 Bxh3 32. g4 f5 33. gxf5 Bxf5 34. Rab1 b6
35. cxb6 Bxb6 36. Bb4 Nc6 37. Bd2 Ba5 38. Bxa5 Nxa5 39. Rb5 Nc6 40. Rc1 Ne7 41.
Rc7 Nc8 42. Rbb7 g5 43. Rg7+ Kh8 44. Bg4 Nd6 45. Rxa7 Rxa7 46. Rxa7 Bg6 47. Bh3
Nf7 48. Ng4 h5 49. Nh2 Kg7 50. Be6 Kf6 51. Ra6 1-0

[Event "Eliminacje Makroregionalne do MPJ 2018 LU-PL - C11"]
[Site "Biardy"]
[Date "1899-12-30"]
[Round "9.6"]
[White "Maliszewski, Stefan"]
[Black "Chelstowski, Bartosz"]
[Result "0-1"]
[WhiteTitle "II"]
[BlackTitle "II"]
[WhiteElo "1047"]
[BlackElo "1082"]

1. e4 c5 2. c3 d5 3. e5 Bf5 4. f4 Nc6 5. d4 e6 6. Nf3 a6 7. Bd3 Bg4 8. Be2 cxd4
9. cxd4 Bb4+ 10. Nc3 Bxf3 11. Bxf3 Nge7 12. Bg4 Ng6 13. O-O Bxc3 14. bxc3 O-O
15. Ba3 Re8 16. Rc1 b5 17. Qf3 Na5 18. f5 exf5 19. Qxf5 Ra7 20. Bh5 Rb7 21. Rf2
Qd7 22. Qxd7 Rxd7 23. Bxg6 hxg6 24. Rcf1 Nc4 25. Bc1 Rc8 26. Rf3 Nb6 27. Bd2 Na4
28. Re1 Rc6 29. Kf2 Kf8 30. Rh3 Rd8 31. Bg5 0-1

[Event "Eliminacje Makroregionalne do MPJ 2018 LU-PL - C11"]
[Site "Biardy"]
[Date "1899-12-30"]
[Round "9.7"]
[White "Pryzmont, Hubert"]
[Black "Wasilewski, Stanislaw"]
[Result "0-1"]
[WhiteTitle "III"]
[BlackTitle "II"]
[WhiteElo "1022"]
[BlackElo "1022"]

1. e4 c5 2. Nf3 Nc6 3. d4 cxd4 4. Nxd4 Nf6 5. Nc3 e5 6. Nf3 Bb4 7. Bd2 O-O 8. Be2
Re8 9. O-O Bxc3 10. Bxc3 Nxe4 11. Re1 Qb6 12. Rf1 Qc5 13. Qd3 Nxc3 14. Qxc3 Qxc3
15. bxc3 b6 16. Rad1 Rd8 17. c4 Ba6 18. Rfe1 d6 19. Bd3 Nb4 20. a4 Rac8 21. Rb1
Nxd3 22. cxd3 f6 23. g3 d5 24. Nd2 dxc4 25. dxc4 Rxd2 26. Rbd1 Rxd1 27. Rxd1 Bxc4
28. Rd7 h6 29. Rxa7 Bd5 30. h3 Rc1+ 31. Kh2 Rh1# 0-1